000 00295nam a2200109Ia 4500
008 151213s9999 xx 000 0 und d
245 _aSupporting Parsers Of The Trade & Development Report
260 _aNew York
_bUnited Nation
_c1994
300 _a3017 p.
650 _aReference
999 _c2104
_d2104